MESTSKÁ KNIŽNICA GIRALTOVCE  - online katalóg 

Atentáty, ktoré mali zmenit svet (Record no. 22468)

000 -NÁVESTIE
fixed length control field 00367nam a2200157 4500
008 - ÚDAJE S PEVNOU DĹŽKOU – VŠEOBECNÉ INFORMÁCIE
fixed length control field 190603s1984||||xo d
041 1# - KÓD JAZYKA
Kód jazyka textu/zvukovej stopy alebo samostatných nápisov slo
044 ## - KÓD KRAJINY VYDAVATEĽA/PRODUCENTA
Kód krajiny MARC xo
Kód krajiny ISO SK
020 ## - MEDZINÁRODNÉ ŠTANDARDNÉ ČÍSLO KNIHY (ISBN)
Údaje o dostupnosti 0
100 1# - OSOBNÉ MENÁ – VŠEOBECNÉ INFORMÁCIE
Osobné meno Borovicka V.P.
-- 1164
245 10 - NÁZOV
Názov Atentáty, ktoré mali zmenit svet
260 ## - VYDAVATEĽSKÉ ÚDAJE, DISTRIBÚCIA ATĎ.
Miesto publikovania, distribúcie atď. Bratislava
Dátum publikovania, distribúcie atď. 1984
Názov vydavateľa, distibútora atď. Obzor
250 ## - ÚDAJ O PORADÍ VYDANIA
Údaj o poradí vydania 3. vydanie
300 ## - FYZICKÝ POPIS
Rozsah 624 s.
958 ## - Formálny deskriptor
Formálny deskriptor A
Holdings
Stav stiahnutia (Blokovanie) (Withrawn status) Stav straty Stav poškodenia (Damaged status) Nie pre výpožičky (Not for loan) Spôsob nadobudnutia (Collection code) Trvalé umiestnenie Aktuálne umiestnenie Dátum nadobudnutia Inventárne číslo (prírastkové číslo) Full call number Dátum posledného výskytu Cena s účinnosťou od Typ jednotky Koha
        Dar Mestská knižnica Giraltovce Mestská knižnica Giraltovce 2019-05-10 20803 S1441 2019-12-12 2019-12-12 Odborná literatúra pre dospelých

Powered by Koha